书目信息 |
| 题名: |
固体的变形与断裂
|
|
| 作者: | 卡德尔 著 | |
| 分册: | ||
| 出版信息: | 杭州 浙江大学出版社 1989.07 |
|
| 页数: | 334页 | |
| 开本: | 32开 | |
| 丛书名: | ||
| 单 册: | ||
| 中图分类: | O483 | |
| 科图分类: | ||
| 主题词: | 固体物理学 | |
| 电子资源: | ||
| ISBN: | 7-308-00326-4 | |
| 000 | 00575nam0 2200193 45 | |
| 001 | 0010081583 | |
| 005 | 20001008153404.2 | |
| 010 | @a7-308-00326-4@d2.30元 | |
| 100 | @a20001008d1989 km y0chiy0120 ea | |
| 101 | 0 | @achi |
| 105 | @a z 000yy | |
| 200 | 1 | @a固体的变形与断裂@AGu Ti De Bian Xing Yu Duan Lie@f(美)卡德尔著;田颐耕译@F(Mei)Ka De Er Zhu;Tian Yi Geng Yi |
| 210 | @a杭州@c浙江大学出版社@d1989.07 | |
| 215 | @a334页@d32开 | |
| 606 | 0 | @a固体物理学 |
| 690 | @aO483@v3 | |
| 701 | 0 | @a卡德尔@4著 |
| 801 | @aCN@bPftUser@c20001008 | |
| 905 | @b172697-706@dO483@eK212@f10 | |
| 固体的变形与断裂/(美)卡德尔著;田颐耕译.-杭州:浙江大学出版社,1989.07 |
| 334页;32开 |
| ISBN 7-308-00326-4:2.30元 |
| ● |
| 相关链接 |
|
|
|
正题名:固体的变形与断裂
索取号:O483/K212
 
预约/预借
| 序号 | 登录号 | 条形码 | 馆藏地/架位号 | 状态 | 备注 |
| 1 | 172697 | 201726971 | 自科库401/401自科库 59排3列3层/ [索取号:O483/K212] | 在馆 | |
| 2 | 172698 | 201726980 | 自科库401/401自科库 59排3列3层/ [索取号:O483/K212] | 在馆 | |
| 3 | 172699 | 201726999 | 自科库401/401自科库 59排3列3层/ [索取号:O483/K212] | 在馆 | |
| 4 | 172700 | 201727006 | 自科库401/401自科库 59排3列3层/ [索取号:O483/K212] | 在馆 | |
| 5 | 172701 | 201727015 | 自科库401/401自科库 59排3列3层/ [索取号:O483/K212] | 在馆 | |
| 6 | 172702 | 201727024 | 自科库401/401自科库 59排3列3层/ [索取号:O483/K212] | 在馆 | |
| 7 | 172703 | 201727033 | 自科库401/401自科库 59排3列3层/ [索取号:O483/K212] | 在馆 | |
| 8 | 172704 | 201727042 | 自科库401/401自科库 59排3列3层/ [索取号:O483/K212] | 在馆 | |
| 9 | 172705 | 201727051 | 自科库401/401自科库 59排3列3层/ [索取号:O483/K212] | 在馆 | |
| 10 | 172706 | 201727060 | 自科库401/401自科库 59排3列3层/ [索取号:O483/K212] | 在馆 |